| 000 | 00873cab a2200289 4500 | ||
|---|---|---|---|
| 001 | WB2922-52 | ||
| 008 | 090401t1993 xxu||||| |||| 00| 0 eng d | ||
| 035 | _a(Sirsi) u48474 | ||
| 041 | _aeng | ||
| 100 | _aGroom, Andrew | ||
| 245 | _aReunification poses property problems | ||
| 260 | _c1993 | ||
| 350 | _a0 | ||
| 490 |
_aCSW - The Property Week _v43(11) 10 June 1993, 59(1) |
||
| 520 | _aTenants in Berlin will be in an enviable position in the next few years, as many new schemes reach the market at the same time. | ||
| 650 | _aGERMAN REUNIFICATION | ||
| 650 | _aGERMANY | ||
| 650 | _aOFFENE VERMOGENSFRAGEN | ||
| 650 | _aOFFICES | ||
| 650 | _aPROPERTY RESTITUTION | ||
| 690 | _aPROPERTY-COMMERCIAL PROPERTY | ||
| 690 | _aOVERSEAS-EUROPE | ||
| 690 | _aPROPERTY LAW AND PRACTICE | ||
| 700 | _aPatterson, Tony | ||
| 942 | _n0 | ||
| 948 | _c04/03/1997 | ||
| 999 |
_c30451 _d30451 |
||